Elektrodynamika a pohyb /

Salvato in:
Dettagli Bibliografici
Autore principale: Haňka, Ladislav (Autore)
Natura: Libro
Pubblicazione: Praha : Academia, 1988
Tags: Aggiungi Tag
Nessun Tag, puoi essere il primo ad aggiungerne!!

MARC

LEADER 00000nam a22000003a 4500
001 stu48448
005 20150617225712.3
008 ------s1988----cs----------------------d
040 |a STU  |b slo 
041 0
044 |a cs 
080 |a 537.8 
100 1 |a Haňka, Ladislav  |4 aut 
245 1 |a Elektrodynamika a pohyb /  |c [aut.] Haňka,Ladislav 
260 |a Praha :  |b Academia,  |c 1988 
300 |a 128 s 
996 |b J83108  |c J*83108/K 6  |l JJK6  |s P  |a 0  |w stu48448_0001